1119 1663 1775 1245 1758 1670 1552 1985 1712 1763 1503 1190 1778 1804 1715 1252 1953 1447 1828 1756 1336 1503 1301 1396 1005 1042 1906 1770 1894 1556 1342 1443 1724 1020 1584 1137 1202 1809 1127 1517 1364 1641 1793 1953 1985 1295 1315 1620 1630 1590 1417 1133 1367 1124 1147 1627 1200 1781 1679 1680 1240 1989 1715 1595 1249 1558 1913 1287 1634 1775 1052 1292 1670 1246 1806 1011 1903 1602 1609 1962 1382 1526 1211 1575 1224 1627 1753 1530 1993 1772 1703 1845 1783 1223 1643 1250 1705 1320 1589 BCNSPRNW ULIB Ver.6.0+V

เปลี่ยนเป็นภาษาไทย

Change to English
 แสดงรายละเอียดบรรณานุกรม
  กลับหน้าหลัก

Brief Record : Get Marc (ISO 2709) : E-mail record : QR code < ปิดหน้าต่าง
LEADER : 00000nam 2200000uu 4500
001    13399107768
003     ULIB
008    110202s2548||||th 000 0 tha d
020    ^a9749943074
050  4 ^aLB1028.5^bบ465อ 2548
100 0  ^aบุญทิพย์ สิริธรังศรี
245 00 ^aอี-เลิร์นนิ่ง:มิติใหม่ในการเรียนรู้ทางการพยาบาล/^cบุญทิพย์ สิริธรังศรี
260    ^aนนทบุรี : ^bมหาวิทยาลัยสุโขมัยธรรมาธิราช^c2548
300    ^a127 หน้า;^bภาพประกอบ,
650  7 ^aการพยาบาล^xการศึกษาและการสอน
650  7 ^aการเรียนรู้ผ่านระบบอิเล็กทรอนิกส์
945    ^p120^l0^i029497
945    ^p120^l0^i029495
945    ^p120^l0^i029496
945    ^p120^l0^i029494
945    ^p120^l0^i029493
945    ^p120^l0^i029492
945    ^p120^l0^i029498
995    เกษร
999 ^a ใช้งานได้ทุกระบบ
รายการนี้ยังไม่มีแท็ก
คุณยังไม่ได้ล็อกอิน คุณสามารถมีกิจกรรมร่วมกับเว็บไซต์ได้ แต่ต้องล็อกอินก่อน ::
  ล็อกอิน

รายการสื่อสารสนเทศ

ลำดับที่ ประเภท เลขเรียก/บาร์โค้ด สถานที่ สถานะ
- ไม่พบข้อมูล -

รายการใกล้เคียง
    หัวเรื่อง [การเรียนรู้ผ่านระบบอิเล็กทรอนิกส์]

BibComment


ยังไม่เคยถูกคอมเมนท์

คอมเมนท์ทรัพยากรรายการนี้
  คอมเมนท์: อีเลิร์นนิ่งมิติ..


 Copyright 2026. Bcnsprnw @Library